00604 2200229 4500001002100000005001500021035002000036007000300056008004100059020002300100082001100123084001700134100001700151245005000168260003800218300003500256650002100291700000900312504003100321990001100352990001100363INLIS00000000000456220191202110656 a0010-1219000014ta191202 g 0 ind  a978-602-30862-01-9 a616.99 a616.99 SOF s0 aSOFI, Ariani1 aStop! Kanker /cSofi Ariani; penyunting, Qoni aYogyakarta :bIstana Media,c2017 aviii, 270 hlm :bilus ;c24 cm 4aPENYAKIT. KANKER0 aQONI aBibliografi.: hlm. 249-270 a7234 a a7234 b